Stíny a odlesky pro flétnu, klarinet, housle, violu, violoncello a klavír = Shadows and reflections : for flute, clarinet, violin, viola, cello and piano /

Hlavní autor: Matoušek, Lukáš, 1943-
Korporativní autor: Český hudební fond
Jazyk: Nelze použít, není lingvistický obsah
Vydáno: Praha : Český rozhlas, 2010
Vydání: 1. vyd.
Témata:
Fyzický popis: 1 partitura (30 s.) + 6 hlasů ; 30 cm
Language note: Biografie skladatele a informace o skladbě česky a anglicky
Hudebniny Hudebniny
Uloženo v:
LEADER 02333ncm a2200541 a 4500
001 nkc20112234888
003 CZ PrNK
005 20120913115542.0
007 qu
008 111004s2010 xr zzaeg nn zxx
015 |a cnb002234888 
024 2 |a 979-0-66061-257-6  |q (v hudebnině neuvedeno ;  |q brož.) 
028 2 1 |a R-CHF 002  |b Český rozhlas 
040 |a BOA001  |b cze  |d ABA001 
041 0 |g cze  |g eng 
043 |a e-xr--- 
045 |a x-y- 
048 |a wa01  |a wc01  |a sa01  |a sb01  |a sc01  |a ka01 
072 7 |a 785  |x Instrumentální hudba. Symfonická hudba. Hudba pro více nástrojů  |2 Konspekt  |9 9 
080 |a 785.7  |2 MRF 
080 |a 78.089.6.087  |2 MRF 
100 1 |a Matoušek, Lukáš,  |d 1943-  |7 jn20000620220  |4 cmp 
240 1 0 |a Stíny a odlesky  |7 aun2012717579 
245 1 0 |a Stíny a odlesky  |h [hudebnina] :  |b pro flétnu, klarinet, housle, violu, violoncello a klavír = Shadows and reflections : for flute, clarinet, violin, viola, cello and piano /  |c Lukáš Matoušek 
246 3 1 |a Shadows and reflections :  |b for flute, clarinet, violin, viola, cello and piano 
250 |a 1. vyd. 
260 |a Praha :  |b Český rozhlas,  |c 2010 
300 |a 1 partitura (30 s.) + 6 hlasů ;  |c 30 cm 
306 |a 002000 
382 0 1 |a flétna  |n 1  |a klarinet  |n 1  |a housle  |n 1  |a viola  |n 1  |a violoncello  |n 1  |a klavír  |n 1  |s 6 
500 |a Durata cca 20' 
500 |a Vydáno ve spolupráci s Českým hudebním fondem 
546 |a Biografie skladatele a informace o skladbě česky a anglicky 
648 7 |a 20.-21. století  |7 ch462155  |2 czenas 
650 0 7 |a komorní hudba  |7 ph121752  |z Česko  |y 20.-21. století  |2 czenas 
650 0 9 |a chamber music  |z Czechia  |y 20th-21st centuries  |2 eczenas 
655 7 |a komorní hudba  |7 fd979994  |2 czenas 
655 7 |a partitury a hlasy  |7 fd186702  |2 czenas 
655 9 |a chamber music  |2 eczenas 
655 9 |a scores and parts  |2 eczenas 
710 2 |a Český hudební fond  |7 kn20010710185 
910 2 |a BOA001  |b Mus4-1286.421 
990 |a MU 
995 |a 01 
991 |b 201208  |c NOV 
925 |a flétna, klarinet, housle, viola, violoncello, klavír  |b Fl, Cl, Vl, Vla, Vlc, Pf 
996 6 |b 2610518534  |c Mus4-1286.421  |l MZK  |r Sklad / do 1 hodiny  |n 1  |p p.v.  |w 001269046  |u 000010  |a 1  |e BOA001  |j MZK50  |s P 
996 7 |b 2610521059  |c Mus4-1286.421  |l MZK  |r Sklad / do 1 hodiny  |n 0  |p kup  |w 001269046  |u 000020  |a 1  |e BOA001  |j MZK50  |s A